000 00333nam a22001577a 4500
003 SGT
020 _a978-81-7910-256-5
082 _a641.3
_bMOD
100 _aMODI,H.A.
245 _aFOOD BORNE ILLNESSES
250 _a1ST
260 _aINDIA
_bAAVISHKAR PUB.
_c2023
300 _a192
650 _aFOOD BORNE
942 _2ddc
_cBK
999 _c28565
_d28565